| 000 | 00703na a2200253 4500 | ||
|---|---|---|---|
| 001 | 19977 | ||
| 003 | MIRAKIL | ||
| 005 | 20181213154941.0 | ||
| 008 | 170630b tu 000 0 | ||
| 020 | _a9758410350 | ||
| 040 |
_aMilas _btur _cTR-AnCHP |
||
| 041 | _atur | ||
| 082 |
_a320.55 _aÖ94s 2003 |
||
| 090 | _a320.55 Ö94s 2003 | ||
| 100 | _aÖzkeş, İhsan | ||
| 245 |
_aSiyasallaştırılan din dinleştirilen siyaset _cİhsan Özkes |
||
| 260 |
_aİstanbul _bOtopsi Yayınları _c2003 |
||
| 300 |
_a317 s. _c20 sm. |
||
| 500 | _aYapıt yazarından imzalıdır. | ||
| 500 | _aKaynakça var. | ||
| 650 |
_aSiyaset ve din _zTürkiye |
||
| 650 |
_aSiyasal din _zTürkiye |
||
| 942 |
_2ddc _cBKS |
||
| 999 |
_c3726 _d3726 |
||